000 00490nam a22001697a 4500
005 20240909083030.0
008 240909b |||||||| |||| 00| 0 eng d
020 _a1868320685
041 _aEnglish
082 _a346.3 SMA
100 _lEnglish
245 _aGuide to Motor Law /
_cD Smart et al.
260 _aPretoria:
_bDigma Publications (Pty) Ltd,
_c1994
300 _bxvi, 241 pages;
_c25 cm.
650 _aLegal practice
_bLaw
942 _cBK
_6ALISON_BN_VRIES
999 _c3020
_d3020